| 000 | 00885nam a2200265 a 4500 | ||
|---|---|---|---|
| 001 | 1113 | ||
| 003 | BR-CuiBMT | ||
| 005 | 20231128211003.0 | ||
| 008 | 231101s2012 mtba 000 0 por d | ||
| 020 | _a9788532704351 | ||
| 040 |
_aBR-CuiBMT _cBR-CuiBMT |
||
| 080 |
_a614.2 _22007 |
||
| 090 |
_a614.2 _bF723 |
||
| 245 | 0 | 2 |
_aA formação dos gestores municipais de saúde : _buma experiência político-pedagógica compartilhada / _cElisete Duarte, Reni A. Barsaglini (organizadoras). |
| 260 |
_aCuiabá : _bEdUFMT, _c2012. |
||
| 300 |
_a365 p. : _bil. color. ; _c23 cm |
||
| 504 | _aInclui bibliografia. | ||
| 650 |
_aSaúde _xPolíticas públicas |
||
| 650 |
_aSUS _xMato Grosso |
||
| 650 | _aServiços de saúde pública | ||
| 650 |
_aFormação de gestores _xSaúde |
||
| 700 |
_aDuarte, Elisete, _d1967- _4org. |
||
| 700 |
_aBarsaglini, Reni Aparecida _4org. |
||
| 942 |
_2udc _cLV |
||
| 999 |
_c1113 _d1113 |
||